Länder aus denen Spieler mit einer Darts PDC Tour Card 2023 kommen - Statistiken

Allgemein
  • Dieses Quiz wurde 323 mal gespielt
  • Das Durchschnittsergebnis liegt bei 20 aus 23
Antwortstatistiken
Anzahl
Spieler
Land % Korrekt
6 Deutschland
100%
44 England
100%
22 Niederlande
99%
6 Schottland
97%
8 Wales
97%
7 Belgien
96%
5 Irland
95%
3 Österreich
93%
3 Polen
92%
6 Nordirland
91%
2 Spanien
90%
1 Vereinigte Staaten
90%
1 Portugal
88%
3 Australien
87%
1 Frankreich
86%
2 Kanada
85%
2 Tschechien
84%
1 Dänemark
79%
1 Lettland
76%
1 Kroatien
73%
1 Litauen
71%
1 Südafrika
64%
1 Philippinen
50%
Keine übereinstimmenden Quizze gefunden
Verteilung der Resultate
Anzahl Personen mit jedem Resultat
Perzentil nach korrekt beantworteten Fragen
Ihre Resultats-Entwicklung
Sie haben dieses Quiz noch nicht gespielt